000 00686nam a2200241Ia 4500
003 OSt
005 20220918164053.0
006 a|||||r|||| 00| 0
007 ta
008 220917b |||||||| |||| 00| 0 eng d
020 _a0415200504 (pbk)
024 _a176,110
037 _cTextual
040 _aARTS
_cARTS
_beng
041 _2eng
_aeng
082 _aQ, N9 (SC)
100 _aWilson Bryan
_917035
245 0 _aNew religious movements
_b challenge and response edited by Bryan Wilson and Jamie Cresswell
260 _aLondon
_bRoutledge
_c1999
300 _axviii, 284p.
_ccm.
942 _hQ, N9 (SC)
_cTEXL
_2CC
999 _c123006
_d123006